000
00289nam a2200097Ia 4500
008
220204s9999 xx 000 0 und d
082
_a
354
_b
CIV
245
0
_a
Civil list: Indian administrative service and Indian Police Service
260
_a
Delhi
_b
Manager of Publications
_c
1957
942
_c
BK
999
_c
19817
_d
19817